Development of a quality assurance program /
Saved in:
| 主要作者: | |
|---|---|
| 格式: | Thesis 图书 |
| 语言: | English |
| 出版: |
1991.
|
| 主题: | |
| 标签: |
添加标签
没有标签, 成为第一个标记此记录!
|
| LEADER | 00834cam a2200253 a 4500 | ||
|---|---|---|---|
| 001 | u332807 | ||
| 003 | SIRSI | ||
| 008 | 930907s1991 si v 00 1 eng m | ||
| 035 | |a ABP-6888 | ||
| 040 | |a UMM | ||
| 043 | |a a-si--- | ||
| 090 | |a TS156.6 |b Mit | ||
| 100 | 1 | 0 | |a Mittelsdorf, Robert Paul. |
| 245 | 1 | 0 | |a Development of a quality assurance program / |c Robert Paul Mittelsdorf. |
| 260 | |c 1991. | ||
| 300 | |a vi, 92 leaves ; |c 30 cm. | ||
| 500 | |a Photocopy. | ||
| 502 | |a Dissertation (M.B.A.) -- National University of Singapore, 1991. | ||
| 504 | |a Bibliography: leaves 90-91. | ||
| 650 | 0 | |a Quality assurance |z Singapore. | |
| 650 | 0 | |a Construction industry |z Singapore |x Quality control. | |
| 948 | |a 07/09/1993 |b 17/08/1998 | ||
| 596 | |a 1 | ||
| 999 | |a F TS156.6 MIT |w LC |c 1 |i A504466073 |d 23/5/2002 |l STACKS |m P01UTAMA |n 5 |r Y |s Y |t TESIS |u 25/10/1993 | ||
